Statistics for Flags - Correct or Incorrect?

Click here to take the quiz!

General Stats

  • This quiz has been taken 112 times
  • The average score is 6 of 10

Answer Stats

QuestionAnswer% Correct
Mexico flagCorrect
89%
Saudi Arabia FlagCorrect
79%
Philippines flagCorrect
75%
Serbia flagCorrect
74%
USA flag but wrongIncorrect
60%
Brazil flag but wrongIncorrect
45%
Mozambique flag but wrongIncorrect
45%
Ethiopia flag but wrongIncorrect
38%
Marshall Islands flag but wrongIncorrect
38%
Union Jack but wrong. Credit to u/CaptainCrapeIncorrect
27%

Score Distribution

Percentile by Number Answered

Percent of People with Each Score

Your Score History

You have not taken this quiz